| 000 | 00841nam a2200241 i 4500 | ||
|---|---|---|---|
| 001 | 158567 | ||
| 003 | ES-MaACL | ||
| 005 | 20250813015838.0 | ||
| 008 | 931025s1876 it |||| | ita d | ||
| 100 | 1 |
_aMalispini, Giacotto. _9129383 |
|
| 245 | 1 | 0 |
_aStoria fiorentina / _cdi Ricordano e Giacotto Malispini . Cronica fiorentina / di Dino Compagni... |
| 250 | _aEd. stereotipa. | ||
| 260 |
_aMilano : _bEdoardo Sonzogno, _c1876. |
||
| 300 |
_a327 p. ; _c19 cm. |
||
| 490 | 1 |
_aBiblioteca Classica Económica ; _v37 |
|
| 700 | 1 | 1 |
_aMalispini, Ricordano. _9129384 |
| 700 | 1 | 1 |
_aCompagni, Dino. _tCronica fiorentina. _9126555 |
| 700 | 1 | 1 |
_aSonzogno, Edoardo, _eed. _9132820 |
| 752 |
_aItalia - _dMilán |
||
| 830 | 0 | 0 |
_aBiblioteca classica economica _v37 _9182054 |
| 852 |
_aES-MaACL _jF-10617 _z-- Enc. hol. |
||
| 999 |
_c158567 _d158567 |
||